000 00398nam a2200157Ia 4500
008 230312s9999||||xx |||||||||||||| ||und||
020 _a1-86152-610-5
082 _a658.3
_bCOR-H
100 _aNelarine Cornelius
245 0 _aHuman Resource Management
260 _bTHOMSON LEARNING
_aUK
_c2001
300 _a388
546 _aEng.
650 _aManagement
_vIntroduction, Conclution
942 _cBK
999 _c829
_d829